[Event "POL-ch Universities (Women)"]
[Site "Lublin"]
[Date "2024.02.24"]
[Round "7"]
[White "Parol, Pola"]
[Black "Kucharska, Honorata"]
[Result "1/2-1/2"]
[WhiteElo "2030"]
[BlackElo "2137"]
[PlyCount "99"]
[EventDate "2024.02.22"]
[EventType "swiss"]
[EventRounds "9"]
[EventCountry "POL"]
[SourceTitle "CB10_2024"]
[SourceDate "2024.03.06"]
[SourceVersion "1"]
[SourceVersionDate "2024.03.06"]
[SourceQuality "1"]

1. e4 e6 2. d4 d5 3. Nd2 c5 4. exd5 exd5 5. Bb5+ Nc6 6. Ngf3 Bd6 7. 0-0 Nge7 8. dxc5 Bxc5 9. Nb3 Bd6 10. h3 0-0 11. Bg5 Qc7 12. Re1 h6 13. Be3 Bf5 14. Nbd4 Bg6 15. c3 Rad8 16. Bd3 Bxd3 17. Qxd3 Qd7 18. Qd2 Ng6 19. Rad1 Bb8 20. Ne2 Nce5 21. Nxe5 Nxe5 22. Qd4 Nc4 23. Bc1 Qf5 24. Qd3 Qf6 25. Nd4 Rfe8 26. Qf5 Rxe1+ 27. Rxe1 Qxf5 28. Nxf5 Ne5 29. Rd1 Nc6 30. Be3 Be5 31. Nd4 Bxd4 32. Bxd4 f6 33. Kf1 Kf7 34. Bc5 a6 35. Bb6 Rd7 36. Bd4 g5 37. Bc5 h5 38. Ke2 Ne5 39. b3 g4 40. hxg4 hxg4 41. Bd4 Ng6 42. g3 Ne7 43. Kd3 Nf5 44. Rh1 Kg6 45. Rh8 Nd6 46. Rg8+ Kf5 47. Rf8 Ne4 48. Rh8 Kg6 49. Rg8+ Kf5 50. Rh8 1/2-1/2

[Event "EU-ch Rapid"]
[Site "Katowice"]
[Date "2022.12.17"]
[Round "4"]
[White "Hjartarson, Johann"]
[Black "Parol, Pola"]
[Result "1-0"]
[WhiteElo "2476"]
[BlackElo "2041"]
[PlyCount "77"]
[EventDate "2022.12.17"]
[EventType "swiss (rapid)"]
[EventRounds "11"]
[EventCountry "POL"]
[SourceTitle "CBM 211 Extra"]
[Source "ChessBase"]
[SourceDate "2023.01.31"]
[SourceVersion "1"]
[SourceVersionDate "2023.01.31"]
[SourceQuality "1"]

1. e4 c5 2. Ne2 e5 3. Nec3 Nf6 4. Bc4 Nc6 5. d3 h6 6. Nd2 Be7 7. Nf1 0-0 8. Ne3 d6 9. a3 a6 10. 0-0 b5 11. Ba2 b4 12. axb4 cxb4 13. Ncd5 Nxd5 14. Bxd5 Bb7 15. c3 Bg5 16. Nf5 Bxc1 17. Rxc1 bxc3 18. Rxc3 Na5 19. Qg4 Qf6 20. b4 Bxd5 21. exd5 Nb7 22. Rc7 Nd8 23. Rd7 Rb8 24. Rxd6 Qg5 25. Rxh6 f6 26. Rg6 Qxg4 27. Rxg4 g5 28. h4 Nf7 29. Rc1 Rfd8 30. Rc6 Rb7 31. Rxf6 Rxd5 32. hxg5 Rxd3 33. g6 Rd1+ 34. Kh2 Nd8 35. g7 Nf7 36. Rxf7 Rxf7 37. Nh6+ Kh7 38. g8Q+ Kxh6 39. Qg6# 1-0

[Event "EU-ch Blitz"]
[Site "Katowice"]
[Date "2022.12.16"]
[Round "7"]
[White "Karas, Marek"]
[Black "Parol, Pola"]
[Result "1-0"]
[WhiteElo "2240"]
[BlackElo "2041"]
[PlyCount "60"]
[EventDate "2022.12.16"]
[EventType "swiss (blitz)"]
[EventRounds "22"]
[EventCountry "POL"]
[SourceTitle "CBM 211 Extra"]
[Source "ChessBase"]
[SourceDate "2023.01.31"]
[SourceVersion "1"]
[SourceVersionDate "2023.01.31"]
[SourceQuality "1"]

1. e4 c5 2. Nc3 Nc6 3. Bb5 d6 4. f4 Nf6 5. Nf3 g6 6. 0-0 Bg7 7. Bxc6+ bxc6 8. d3 0-0 9. Qe1 e6 10. Qh4 Nd7 11. Qg3 Rb8 12. e5 d5 13. Kh1 Ba6 14. Rb1 Qe7 15. b3 c4 16. dxc4 dxc4 17. Rd1 cxb3 18. axb3 Nb6 19. Ra1 Bc8 20. Ba3 c5 21. Ne4 Nd7 22. Nd4 Bb7 23. Nc3 Qd8 24. Ndb5 a6 25. Nd6 Bc6 26. Nce4 Qb6 27. Qc3 Bxe4 28. Nxe4 Rfd8 29. Nxc5 Nxc5 30. Bxc5 Qc6 1-0

[Event "POL-chT Academic"]
[Site "Chorzow"]
[Date "2022.04.02"]
[Round "2.20"]
[White "Parol, Pola"]
[Black "Adamczewski, Maciej"]
[Result "1/2-1/2"]
[WhiteElo "1839"]
[BlackElo "2056"]
[PlyCount "46"]
[EventDate "2022.04.02"]
[EventType "team-swiss (rapid)"]
[EventRounds "9"]
[EventCountry "POL"]
[SourceTitle "EXT 2024"]
[Source "ChessBase"]
[SourceDate "2023.10.10"]
[SourceVersion "1"]
[SourceVersionDate "2023.10.10"]
[SourceQuality "1"]

1. e4 e6 2. d4 d5 3. Nd2 c5 4. exd5 exd5 5. Ngf3 Nf6 6. Bb5+ Bd7 7. Bxd7+ Nbxd7 8. 0-0 Be7 9. dxc5 Nxc5 10. Nb3 Nce4 11. h3 0-0 12. Be3 Re8 13. Nbd4 Bc5 14. c3 Qd7 15. Qb3 Bb6 16. Rad1 Rad8 17. Rfe1 Qc8 18. Qc2 Qc4 19. Qb3 Qc8 20. Qc2 Qc4 21. Qb3 Nc5 22. Qa3 Nce4 23. Qb3 Nc5 1/2-1/2

[Event "POL-ch Academic (Women)"]
[Site "Chorzow"]
[Date "2022.04.01"]
[Round "3"]
[White "Kiolbasa, Oliwia"]
[Black "Parol, Pola"]
[Result "1/2-1/2"]
[WhiteElo "2243"]
[BlackElo "1839"]
[PlyCount "93"]
[EventDate "2022.04.01"]
[EventType "swiss (rapid)"]
[EventRounds "9"]
[EventCountry "POL"]
[SourceTitle "EXT 2024"]
[Source "ChessBase"]
[SourceDate "2023.10.10"]
[SourceVersion "1"]
[SourceVersionDate "2023.10.10"]
[SourceQuality "1"]

1. e4 c5 2. Nf3 d6 3. d4 cxd4 4. Nxd4 Nf6 5. Nc3 a6 6. Be2 e5 7. Nb3 Be7 8. Bg5 Be6 9. Bxf6 Bxf6 10. Qd3 Nc6 11. 0-0-0 Qb6 12. Rhf1 Nd4 13. Nxd4 exd4 14. Nd5 Bxd5 15. exd5 0-0-0 16. Kb1 Kb8 17. g4 Qc5 18. Bf3 h6 19. Bg2 Rhe8 20. Rfe1 Qb4 21. Rxe8 Rxe8 22. a3 Qc5 23. Qd2 Qc4 24. Re1 Qc8 25. h3 Qd7 26. f4 Rxe1+ 27. Qxe1 Qe7 28. Be4 Bh4 29. Qe2 Bf6 30. Qf3 Qc7 31. Qf2 Qe7 32. Qg2 Kc7 33. Qf3 Kb8 34. Ka2 Kc7 35. a4 Kb8 36. a5 Qd8 37. Qa3 Qc7 38. Bd3 Qc5 39. Qxc5 dxc5 40. Kb3 Kc7 41. Kc4 Kd6 42. Bf5 Bd8 43. Bc8 Kc7 44. Bf5 Kd6 45. Bc8 Kc7 46. Bf5 Kd6 47. Bc8 1/2-1/2

[Event "POL-ch Academic (Women)"]
[Site "Chorzow"]
[Date "2022.04.01"]
[Round "4"]
[White "Parol, Pola"]
[Black "Michalska, Aleksandra"]
[Result "0-1"]
[WhiteElo "1839"]
[BlackElo "1691"]
[PlyCount "153"]
[EventDate "2022.04.01"]
[EventType "swiss (rapid)"]
[EventRounds "9"]
[EventCountry "POL"]
[SourceTitle "EXT 2024"]
[Source "ChessBase"]
[SourceDate "2023.10.10"]
[SourceVersion "1"]
[SourceVersionDate "2023.10.10"]
[SourceQuality "1"]

1. e4 e5 2. Nf3 Nc6 3. Bb5 g6 4. c3 Bg7 5. d4 exd4 6. cxd4 Nge7 7. Bg5 h6 8. Bh4 g5 9. Bg3 d5 10. e5 a6 11. Ba4 Bg4 12. Nc3 b5 13. Bc2 Nb4 14. Bb3 Bf5 15. 0-0 Nbc6 16. a4 b4 17. Ne2 a5 18. Rc1 Be6 19. Bc2 Nb8 20. h3 Nd7 21. Bb1 Nb6 22. b3 c6 23. Ne1 Qd7 24. f4 g4 25. hxg4 Bxg4 26. Nf3 Rc8 27. Nh4 Nf5 28. Nxf5 Bxf5 29. Bxf5 Qxf5 30. Qc2 Qxc2 31. Rxc2 h5 32. Bh4 Bf8 33. Rfc1 Kd7 34. f5 Bh6 35. Rf1 Rhg8 36. e6+ fxe6 37. fxe6+ Kd6 38. Rf6 Be3+ 39. Bf2 Bxf2+ 40. Kxf2 Rgf8 41. Rxf8 Rxf8+ 42. Ke3 Rg8 43. Nf4 Rg3+ 44. Kf2 Rg4 45. Kf3 Nc8 46. Rc5 Ne7 47. Rxa5 Nf5 48. Ra7 Nxd4+ 49. Ke3 Nxe6 50. Nxh5 Rxg2 51. Rb7 Rh2 52. Nf6 Rh3+ 53. Kd2 Rxb3 54. a5 Ra3 55. Rxb4 Rxa5 56. Ng4 Ra3 57. Ne3 d4 58. Nc4+ Kc5 59. Nxa3 Kxb4 60. Nc2+ Kc4 61. Na3+ Kd5 62. Kd3 Nf4+ 63. Kd2 c5 64. Kc2 c4 65. Kd2 Ne6 66. Nb5 Nc5 67. Kc2 Ne4 68. Nc7+ Kc5 69. Ne6+ Kd5 70. Nc7+ Kc6 71. Ne6 d3+ 72. Kc1 Kd5 73. Nf4+ Kd4 74. Ne6+ Ke3 75. Kd1 Nf2+ 76. Kc1 d2+ 77. Kb2 0-1

[Event "Wch Blitz (Women)"]
[Site "Warsaw"]
[Date "2021.12.30"]
[Round "16"]
[White "Parol, Pola"]
[Black "Budkiewicz, Magdalena"]
[Result "1-0"]
[WhiteElo "2067"]
[BlackElo "1929"]
[PlyCount "97"]
[EventDate "2021.12.29"]
[EventType "swiss (blitz)"]
[EventRounds "17"]
[EventCountry "POL"]
[SourceTitle "CBM 205 Extra"]
[Source "ChessBase"]
[SourceDate "2022.01.31"]
[SourceVersion "1"]
[SourceVersionDate "2022.01.31"]
[SourceQuality "1"]

1. e4 c5 2. Nf3 d6 3. d4 cxd4 4. Nxd4 Nf6 5. Nc3 a6 6. Nb3 e6 7. Be3 Be7 8. Be2 Nc6 9. 0-0 0-0 10. f4 b5 11. a3 Bb7 12. Kh1 Rc8 13. Qe1 Qc7 14. Qg3 Kh8 15. Rae1 Nd7 16. Qf2 Bf6 17. Bd2 Nb6 18. g4 Nc4 19. g5 Be7 20. Bc1 d5 21. Bf3 dxe4 22. Nxe4 Nd6 23. Qh4 Nf5 24. Qf2 Rcd8 25. Rd1 Na5 26. Nxa5 Qxa5 27. Ng3 Bxf3+ 28. Qxf3 Nd4 29. Qe4 e5 30. fxe5 Ne6 31. h4 Qc7 32. Nf5 Bc5 33. b4 Be7 34. Be3 Rxd1 35. Rxd1 Rc8 36. Kg1 Bf8 37. Nd6 Bxd6 38. exd6 Qd7 39. Qf5 Kg8 40. Qd3 Rc4 41. Bf2 Rg4+ 42. Kf1 Rc4 43. Qd5 Rxc2 44. Ke1 Rc8 45. Kf1 Qd8 46. d7 Rc7 47. Bb6 Nf4 48. Bxc7 Qxc7 49. d8Q+ 1-0

[Event "Wch Blitz (Women)"]
[Site "Warsaw"]
[Date "2021.12.30"]
[Round "13"]
[White "Rakhmangulova, Anastasiya"]
[Black "Parol, Pola"]
[Result "0-1"]
[WhiteElo "2174"]
[BlackElo "2067"]
[PlyCount "160"]
[EventDate "2021.12.29"]
[EventType "swiss (blitz)"]
[EventRounds "17"]
[EventCountry "POL"]
[SourceTitle "CBM 205 Extra"]
[Source "ChessBase"]
[SourceDate "2022.01.31"]
[SourceVersion "1"]
[SourceVersionDate "2022.01.31"]
[SourceQuality "1"]

1. e4 c5 2. Nf3 d6 3. d4 cxd4 4. Nxd4 Nf6 5. Nc3 a6 6. Bc4 e6 7. Bb3 Nbd7 8. Bg5 Nc5 9. Qe2 Be7 10. 0-0-0 Nxb3+ 11. Nxb3 Qc7 12. f4 h6 13. Bh4 b5 14. e5 dxe5 15. fxe5 Nd7 16. Bxe7 Kxe7 17. Rhe1 Bb7 18. Qg4 g6 19. Qb4+ Ke8 20. Nd4 Rc8 21. Re2 Nb6 22. Ndxb5 axb5 23. Nxb5 Qc5 24. Nd6+ Ke7 25. Qxc5 Rxc5 26. Nxb7 Rb5 27. Nd6 Ra5 28. a3 Rb8 29. Rf1 f5 30. Rf3 Nd7 31. Nc4 Rc5 32. b3 Rbb5 33. a4 Rb8 34. Rd3 Rbc8 35. a5 Nb8 36. Nb6 R8c7 37. b4 R5c6 38. Kb2 Rb7 39. Red2 Na6 40. c3 Rcc7 41. Rd6 Nb8 42. Rd8 Nc6 43. Rh8 Nxe5 44. Rh7+ Kf6 45. Rxh6 Rc6 46. Rh4 Rcxb6 47. axb6 Rxb6 48. Rhd4 Rc6 49. Kb3 Rc8 50. c4 Rb8 51. b5 Nc6 52. Rd6 Ne5 53. b6 Nf7 54. Rc6 Ne5 55. Rcd6 Nf7 56. c5 Nxd6 57. Rxd6 Ke7 58. Kb4 e5 59. Rxg6 e4 60. Rg3 f4 61. Rg4 Rf8 62. b7 e3 63. Rg5 Ke6 64. Rg6+ Ke5 65. Rg7 Ke6 66. Kc3 Rd8 67. Rg6+ Ke5 68. Rg5+ Kf6 69. Rg4 Kf5 70. Rg7 Kf6 71. Rg4 Kf5 72. Rg7 Kf6 73. Rd7 e2 74. c6 e1Q+ 75. Kc4 Qc1+ 76. Kb5 Qb2+ 77. Kc5 Qc3+ 78. Kd6 Qb4+ 79. Kc7 Qa5+ 80. Kd6 Qe5# 0-1

[Event "Wch Blitz (Women)"]
[Site "Warsaw"]
[Date "2021.12.29"]
[Round "8"]
[White "Parol, Pola"]
[Black "Heredia Serrano, Carla Sofia"]
[Result "1-0"]
[WhiteElo "2067"]
[BlackElo "2121"]
[PlyCount "155"]
[EventDate "2021.12.29"]
[EventType "swiss (blitz)"]
[EventRounds "17"]
[EventCountry "POL"]
[SourceTitle "CBM 205 Extra"]
[Source "ChessBase"]
[SourceDate "2022.01.31"]
[SourceVersion "1"]
[SourceVersionDate "2022.01.31"]
[SourceQuality "1"]

1. e4 c6 2. d4 d5 3. Nc3 dxe4 4. Nxe4 Bf5 5. Ng3 Bg6 6. h4 h6 7. Nf3 Nd7 8. h5 Bh7 9. Bd3 Bxd3 10. Qxd3 e6 11. Bd2 Ngf6 12. 0-0-0 Be7 13. Ne4 Qb6 14. c4 Rd8 15. Bc3 Qa6 16. Kb1 b5 17. cxb5 cxb5 18. Nxf6+ Nxf6 19. Qe2 Qc6 20. Ne5 Qe4+ 21. Qxe4 Nxe4 22. Rhf1 Rc8 23. Be1 0-0 24. f3 Nf6 25. g4 Rfd8 26. Bf2 Rd5 27. Rc1 Re8 28. Rc6 Bd8 29. Rc8 Bb6 30. Rxe8+ Nxe8 31. Rd1 Kf8 32. Nc6 a5 33. Ne5 Ke7 34. Rc1 Kd8 35. Nc6+ Kd7 36. Ne5+ Ke7 37. Nc6+ Kd7 38. Ne5+ Ke7 39. Nc6+ Kf8 40. Rd1 Nf6 41. a3 Nd7 42. b4 a4 43. Kc2 f6 44. Be3 Kf7 45. f4 Nf8 46. Kd3 e5 47. fxe5 Ne6 48. exf6 Kxf6 49. Kc3 Kf7 50. Ne5+ Kg8 51. Rf1 Kh7 52. Rd1 Rd8 53. Kb2 Rc8 54. d5 Bxe3 55. dxe6 Bg5 56. Nf7 Bf6+ 57. Kb1 Re8 58. Re1 Kg8 59. Kc2 Rc8+ 60. Kd3 Re8 61. Re4 Rc8 62. Ke3 Rc3+ 63. Ke2 Rc2+ 64. Kd1 Rc8 65. Ke2 Rc2+ 66. Kf3 Rc3+ 67. Kf4 Rc8 68. Nd6 Rc7 69. Ne8 Kf8 70. Nxc7 Ke7 71. Nd5+ Ke8 72. Nxf6+ gxf6 73. Kf5 Ke7 74. Rd4 Ke8 75. Rd7 Kf8 76. Kxf6 Kg8 77. e7 Kh7 78. e8Q# 1-0

[Event "Wch Rapid (Women)"]
[Site "Warsaw"]
[Date "2021.12.28"]
[Round "11"]
[White "Parol, Pola"]
[Black "Alymbay, Kyzy Aizhan"]
[Result "1-0"]
[WhiteElo "2067"]
[BlackElo "1889"]
[PlyCount "113"]
[EventDate "2021.12.26"]
[EventType "swiss (rapid)"]
[EventRounds "11"]
[EventCountry "POL"]
[SourceTitle "CBM 205 Extra"]
[Source "ChessBase"]
[SourceDate "2022.01.31"]
[SourceVersion "1"]
[SourceVersionDate "2022.01.31"]
[SourceQuality "1"]

1. e4 c6 2. d4 d5 3. Nc3 dxe4 4. Nxe4 Bf5 5. Ng3 Bg6 6. h4 h6 7. Nf3 Nd7 8. h5 Bh7 9. Bd3 Bxd3 10. Qxd3 e6 11. Bd2 Ngf6 12. 0-0-0 Be7 13. Ne4 Nxe4 14. Qxe4 Nf6 15. Qd3 Qd5 16. c4 Qe4 17. Qb3 0-0 18. Rde1 Qh7 19. Qxb7 Ba3 20. Qb3 Be7 21. Qc2 Ng4 22. Qxh7+ Kxh7 23. Re2 Rfd8 24. Bc3 Bf6 25. Ne5 Bg5+ 26. Kc2 Nxe5 27. dxe5 Rd7 28. g3 Rad8 29. f4 Be7 30. Rd2 Rxd2+ 31. Bxd2 Bc5 32. Rh2 f6 33. Re2 f5 34. Be3 Bb6 35. c5 Ba5 36. a3 g6 37. b4 Bc7 38. hxg6+ Kxg6 39. a4 a6 40. Rg2 h5 41. Rd2 Rd5 42. Rxd5 exd5 43. Kc3 Kf7 44. Kd4 Ke6 45. Bf2 Bd8 46. Be1 Kd7 47. b5 cxb5 48. axb5 a5 49. Kxd5 a4 50. c6+ Kc8 51. Bb4 h4 52. gxh4 Bxh4 53. b6 Bd8 54. b7+ Kb8 55. Bd6+ Bc7 56. Bxc7+ Kxc7 57. Kc4 1-0

[Event "Wch Rapid (Women)"]
[Site "Warsaw"]
[Date "2021.12.26"]
[Round "2"]
[White "Parol, Pola"]
[Black "Doluhanova, Evgeniya"]
[Result "0-1"]
[WhiteElo "2067"]
[BlackElo "2264"]
[PlyCount "62"]
[EventDate "2021.12.26"]
[EventType "swiss (rapid)"]
[EventRounds "11"]
[EventCountry "POL"]
[SourceTitle "CBM 205 Extra"]
[Source "ChessBase"]
[SourceDate "2022.01.31"]
[SourceVersion "1"]
[SourceVersionDate "2022.01.31"]
[SourceQuality "1"]

1. e4 e5 2. Nf3 Nc6 3. Bb5 Nf6 4. 0-0 Nxe4 5. d4 Nd6 6. Bxc6 dxc6 7. dxe5 Nf5 8. Qxd8+ Kxd8 9. Ng5 Ke8 10. Nc3 Nd4 11. Bf4 Bb4 12. Bg3 Bf5 13. Rad1 Bxc3 14. bxc3 Ne2+ 15. Kh1 Nxc3 16. Rd4 h6 17. Nf3 Ne2 18. Rb4 b6 19. Rc4 c5 20. Nh4 Be6 21. Ra4 g5 22. Nf3 Ke7 23. Re1 Nxg3+ 24. hxg3 Rhd8 25. Kg1 a5 26. a3 g4 27. Nh4 Rd2 28. c3 Rd3 29. Re3 Rxe3 30. fxe3 c4 31. e4 b5 0-1

[Event "Suwalki Warakomska Memorial 5th"]
[Site "Suwalki"]
[Date "2021.07.30"]
[Round "5"]
[White "Piekielny, Pawel"]
[Black "Parol, Pola"]
[Result "1/2-1/2"]
[WhiteElo "2150"]
[BlackElo "2111"]
[PlyCount "147"]
[EventDate "2021.07.27"]
[EventType "swiss"]
[EventRounds "9"]
[EventCountry "POL"]
[SourceTitle "CBM 203 Extra"]
[Source "ChessBase"]
[SourceDate "2021.09.30"]
[SourceVersion "1"]
[SourceVersionDate "2021.09.30"]
[SourceQuality "1"]

1. e4 c5 2. Nf3 d6 3. d4 cxd4 4. Nxd4 Nf6 5. Nc3 a6 6. Bg5 e6 7. f4 h6 8. Bh4 Qb6 9. a3 Be7 10. Bf2 Qc7 11. Qf3 Nc6 12. 0-0-0 Bd7 13. g4 Nxd4 14. Rxd4 e5 15. Rd2 Bxg4 16. Qg2 g6 17. Bh4 Be6 18. f5 gxf5 19. exf5 Rg8 20. Qf3 Bd7 21. Bxf6 Bxf6 22. Nd5 Qd8 23. Kb1 Bc6 24. Bc4 Bxd5 25. Bxd5 Qb6 26. Rd3 Qxb2+ 27. Kxb2 e4+ 28. Kb3 exf3 29. Re1+ Kf8 30. Rxf3 Rb8 31. Rh3 Rh8 32. Re4 b5 33. Kb4 Rc8 34. Ka5 Rxc2 35. Kxa6 Rc5 36. Rd3 Bb2 37. Kb6 Kg7 38. Re2 Bf6 39. Rg2+ Kf8 40. Re2 Kg7 41. Rg2+ Kf8 42. Rg4 Ke7 43. Bc6 Rc8 44. Re4+ Be5 45. Bb7 Rg8 46. Rd5 Rc3 47. Rxb5 Rxa3 48. Rh4 Rh8 49. Rbb4 Kf6 50. Rh5 Ra2 51. Rbh4 Rf2 52. Rxh6+ Rxh6 53. Rxh6+ Kxf5 54. h4 Rh2 55. Bd5 f6 56. Kc6 Rc2+ 57. Kd7 Bf4 58. Be6+ Ke5 59. Rh5+ Kd4 60. Rd5+ Ke3 61. Bf5 Rh2 62. Ke6 Be5 63. Rd3+ Kf4 64. Rh3 Rxh3 65. Bxh3 Kg3 66. Bf5 Kxh4 67. Bb1 Kg5 68. Bc2 Kf4 69. Bb1 Ke3 70. Bc2 Kd4 71. Bb3 Ke4 72. Bc2+ Kf4 73. Bb1 Ke3 74. Bc2 1/2-1/2

[Event "EU-ch qual Online"]
[Site "Tornelo INT"]
[Date "2020.12.18"]
[Round "9"]
[White "Dworakowska, Joanna"]
[Black "Parol, Pola"]
[Result "1-0"]
[WhiteElo "2322"]
[BlackElo "2069"]
[PlyCount "85"]
[EventDate "2020.12.18"]
[EventType "swiss"]
[EventRounds "11"]
[EventCountry "POL"]
[SourceTitle "CBM 199 Extra"]
[Source "ChessBase"]
[SourceDate "2021.01.31"]
[SourceVersion "1"]
[SourceVersionDate "2021.01.31"]
[SourceQuality "1"]

1. e4 c5 2. Nf3 d6 3. d4 cxd4 4. Nxd4 Nf6 5. Nc3 a6 6. Be2 e5 7. Nb3 Be7 8. 0-0 0-0 9. Kh1 Nc6 10. Be3 b5 11. Bf3 b4 12. Nd5 Nxd5 13. Qxd5 Bb7 14. Qd2 a5 15. Nc1 Qc7 16. Ne2 Rfd8 17. Ng3 Bf8 18. Rfd1 Rac8 19. Rac1 a4 20. c4 bxc3 21. Rxc3 Qa5 22. Qc1 Nb4 23. Qb1 Rxc3 24. bxc3 Nxa2 25. Qxa2 Qxc3 26. Qxa4 Ra8 27. Qb5 Ba6 28. Qb6 Bd3 29. h4 Ra1 30. Rxa1 Qxa1+ 31. Kh2 Qa2 32. Qb8 g6 33. h5 Kg7 34. h6+ Kg8 35. Qd8 Qe6 36. Bg5 f5 37. exf5 gxf5 38. Bc6 f4 39. Ne4 Bxe4 40. Bxe4 Qg4 41. Bf3 Qf5 42. Bd5+ Kh8 43. Bf6+ 1-0

[Event "POL-ch U20 Girls"]
[Site "Pokrzywna"]
[Date "2020.12.05"]
[Round "8"]
[White "Parol, Pola"]
[Black "Malicka, Maria"]
[Result "1/2-1/2"]
[WhiteElo "2069"]
[BlackElo "2291"]
[PlyCount "138"]
[EventDate "2020.11.30"]
[EventType "swiss"]
[EventRounds "9"]
[EventCountry "POL"]
[SourceTitle "CBM 199 Extra"]
[Source "ChessBase"]
[SourceDate "2021.01.31"]
[SourceVersion "1"]
[SourceVersionDate "2021.01.31"]
[SourceQuality "1"]

1. e4 c5 2. Nf3 d6 3. d4 cxd4 4. Nxd4 Nf6 5. Nc3 a6 6. a4 e5 7. Nf3 Qc7 8. Bg5 Nbd7 9. Nd2 h6 10. Bh4 Be7 11. Nc4 g5 12. Bg3 Nf8 13. h4 Ng6 14. hxg5 hxg5 15. Rxh8+ Nxh8 16. Qd3 Be6 17. 0-0-0 Rd8 18. Ne3 Ng6 19. Be2 Qc6 20. Ned5 Bxd5 21. exd5 Qd7 22. Rh1 Rc8 23. Kb1 Rc5 24. f3 Bd8 25. Ne4 Nxe4 26. Qxe4 f5 27. Qd3 Bf6 28. Qb3 Ra5 29. Bd3 Ne7 30. Rh6 Kf7 31. Qb6 Rxa4 32. c4 Kg7 33. Rh1 Ng8 34. Qb3 Ra5 35. Bf2 b5 36. Bb6 bxc4 37. Bxc4 Ra4 38. Rc1 Ne7 39. Bd3 Rh4 40. Rc7 Qa4 41. Qxa4 Rxa4 42. Bxf5 Rb4 43. Ba5 Rb5 44. Bc3 Rxd5 45. Be4 Rd1+ 46. Kc2 Rg1 47. g4 Kf7 48. Ra7 Ke6 49. Rxa6 Nd5 50. Bf5+ Ke7 51. Ra7+ Kf8 52. Bd2 Ne7 53. Be6 d5 54. Ra8+ Kg7 55. Ra7 Kf8 56. Ra8+ Kg7 57. Ra7 Kf8 58. Kd3 e4+ 59. fxe4 dxe4+ 60. Kxe4 Bxb2 61. Bb4 Bf6 62. Ra8+ Kg7 63. Ra7 Kf8 64. Ra8+ Kg7 65. Bxe7 Bxe7 66. Bf5 Re1+ 67. Kd5 Bb4 68. Ra6 Bd2 69. Rg6+ Kf7 1/2-1/2